00256nam a2200109Ia 4500008004100000020001500041100002200056245002600078250000800104260002600112300000800138211105s9999 xx 000 0 und d aVYASA10118 aGregory Robert J. 0aPsychological Testing a4th bPearson Educationc\N a654